TOP TEN EUROPEAN COUNTRIES WITH MOST VALUED OIL EXPORTS(2014) - Statistics

General Stats
  • This quiz has been taken 226 times
  • The average score is 9 of 10
Answer Stats
Hint Answer % Correct
56.2 B United Kindom
97%
288.4 B Russia
95%
23 B Spain
95%
22 B France
94%
94.2 B Norway
93%
47.1 B Germany
92%
19.7 B Italy
92%
13.7 B Greece
78%
117.1 B Netherlands
74%
53.9 B Belgium
69%
No matching quizzes found
Score Distribution
Percent of People with Each Score
Percentile by Number Answered
Your Score History
You have not taken this quiz